La productividad de la planta física escolar y su eficiencia social: caso Venezuela
Uloženo v:
| Hlavní autor: | |
|---|---|
| Médium: | Kniha |
| Jazyk: | španělština |
| Vydáno: |
Caracas
CINTERPLAN
1991
|
| Edice: | Serie: propuestas
|
| Témata: | |
| Tagy: |
Přidat tag
Žádné tagy, Buďte první, kdo vytvoří štítek k tomuto záznamu!
|
MARC
| LEADER | 00000nam a2200000 a 4500 | ||
|---|---|---|---|
| 001 | UCY6138 | ||
| 003 | CL-VaPUC | ||
| 008 | 950521e19910400VE |||||||||||||||||spa|d | ||
| 082 | 0 | 4 | |a 379.151 |b MAZ |2 21 |
| 100 | |a Mazzei, Milena |e autora |9 335866 | ||
| 245 | 1 | 3 | |a La productividad de la planta física escolar y su eficiencia social: caso Venezuela |
| 300 | |a 101 p | ||
| 942 | |c BK | ||
| 945 | |d 19950521 00:00:00 |a cmena | ||
| 260 | |a Caracas |b CINTERPLAN |c 1991 | ||
| 650 | 0 | |a Educación |9 258661 | |
| 650 | 0 | |a Estado y educación |9 311264 | |
| 650 | 0 | |a Investigación |9 257811 | |
| 650 | 7 | |a RENDIMIENTO DE LAS INVERSIONES |2 CL-VaPUC |9 335867 | |
| 650 | 7 | |a GASTO EDUCACIONAL |2 CL-VaPUC |9 335868 | |
| 650 | 0 | |a Gasto público |9 335386 | |
| 650 | 0 | |a Economía |9 255568 | |
| 650 | 0 | |a Planificación de la educación |9 307333 | |
| 650 | 0 | |a Política educacional |9 308011 | |
| 651 | 0 | |a Venezuela |9 254993 | |
| 583 | |a last modification |c 19950521 00:00:00 |k Rodrigo Vera | ||
| 490 | 0 | |a Serie: propuestas | |
| 999 | |c 233719 |d 233717 | ||
| 952 | |0 0 |1 0 |4 0 |6 379_151000000000000_MAZ_1991 |7 0 |8 P |9 239423 |a BIBEDU |b BIBEDU |c BIBEDU_PB |d 2019-11-18 |i 1504606 |o 379.151 MAZ 1991 |p 1504606 |r 2024-01-25 |w 2019-11-18 |y BK |k EDU | ||